مكتبة جامعة عجلون الوطنية

فهرس بحث المكتبة

Normal view MARC view
  • المصارف الاسلامية-الشمول المالي- الميزة التنافسية

Entry Topical Term

Number of records used in: 1

001 - CONTROL NUMBER

  • control field: 62600

003 - CONTROL NUMBER IDENTIFIER

  • control field: JO-AjAnu

005 - DATE AND TIME OF LATEST TRANSACTION

  • control field: 20230606084226.0

008 - FIXED-LENGTH DATA ELEMENTS

  • fixed length control field: 230606|| aca||aabn | a|a d

040 ## - CATALOGING SOURCE

  • Original cataloging agency: JO-AjAnu
  • Transcribing agency: JO-AjAnu

150 ## - HEADING--TOPICAL TERM

  • Topical term or geographic name entry element: المصارف الاسلامية-الشمول المالي- الميزة التنافسية

670 ## - SOURCE DATA FOUND

  • Source citation: Work cat.: (JO-AjAnu)31922: اعداد فياض، نغم سالم؛ إشراف محي الدين ابو الهول , author 62599, أثر الشمول المالي قي تحقيق الميزة التنافسية في المصارف الإسلامية الأردنية =The Effect of Financial Inclusion in Achieving Competitive Advantage in jordanian Islamic Banks